Clips les plus vus des rappeurs français - Statistiques

Statistiques générales
  • Ce quiz a été pris 5 407 fois
    5 357 depuis la dernière actualisation
  • Le résultat moyen est 17 sur 56
Statistiques - réponses
Artiste Nombre de vues Année de sortie Clip % Correct
Niska 327 millions 2017 Réseaux
84%
PNL 183 millions 2019 Au DD
76%
Vald 148 millions 2018 Désaccordé
62%
Kalash 273 millions 2017 Mwaka Moon (ft. Damso)
62%
Dadju 284 millions 2017 Reine
57%
Rim'K 149 millions 2018 Air Max (ft. Ninho)
56%
Damso 106 millions 2017 Macarena
56%
Nekfeu 122 millions 2015 On verra
56%
Hatik 111 millions 2019 Angela
53%
Dosseh 127 millions (83 vidéo + 44 lyrics) 2018 Habitué
51%
Bosh 74 millions 2020 Djomb
49%
Soolking 295 millions (Planete Rap) 2018 Guerilla
48%
Jul 317 millions 2020 Bande organisée
47%
Orelsan 88 millions 2017 Basique
44%
Freeze Corleone 17 millions (audio) 2020 Freeze Raël
39%
Zola 61 millions 2019 Papers (ft. Ninho)
38%
Koba LaD 106 millions 2019 RR 9.1 (ft. Niska)
38%
MHD 252 millions 2016 La Puissance (Afro Trap pt. 7)
37%
Heuss l'enfoiré 93 millions 2019 Khapta (ft. Sofiane)
36%
Larry 51 millions 2019 Woin Woin (ft. RK)
35%
Booba 174 millions (93 vidéo + 81 audio) 2016 DKR
34%
Uzi 46 millions 2020 À la fête
33%
Gims 506 millions 2015 Sapés comme jamais (ft. Niska)
33%
Ninho 130 millions 2017 Mamacita
32%
Marwa Loud 290 millions 2018 Bad Boy
31%
SCH 109 millions 2016 Fusil
29%
Hamza 29 millions 2017 Life
27%
Kalash Criminel 60 millions 2016 Arrêt du coeur (ft. Kaaris)
26%
PLK 48 millions 2019 Problèmes
26%
Gazo 30 millions (28 audio + 2 vidéo) 2021 Haine&Sex
24%
Soso Maness 37 millions 2020 So Maness
23%
Kaaris 117 millions 2018 Diarabi
21%
Bramsito 133 millions 2018 Sale Mood (ft. Booba)
21%
Lacrim 118 millions 2014 A.W.A (ft. French Montana)
20%
Jok'Air 19 millions 2019 Las Vegas
20%
Alonzo 134 millions 2017 Papa allo
19%
Zkr 31 millions 2020 Freestyle 5 min #8
17%
Leto 32 millions 2019 Tes parents (ft. Ninho)
17%
Mister V 29 millions 2017 Top album
17%
GLK 52 millions 2019 93% (ft. Hornet, DA Uzi, Landy)
16%
Lefa 32 millions 2019 Bitch (ft. Vald)
16%
Sadek 59 millions 2017 Madre Mia (ft. Ninho)
16%
SDM 10 millions 2021 Daddy (ft. Booba)
14%
Spri Noir 48 millions 2018 Juste pour voir (ft. Nekfeu)
14%
Hornet La Frappe 65 millions 2017 Je pense à toi
13%
DA Uzi 39 millions 2018 La vraie vie
13%
MZ 56 millions 2016 Les Princes (ft. Nekfeu)
13%
Shay 64 millions 2016 PMW
13%
Naza 83 millions 2019 Loin de moi
10%
Naps 147 millions 2018 Favela (ft. Soolking)
8%
Landy 34 millions 2019 Muerte (ft. Dadju)
4%
Sofiane 102 millions 2017 Tout l'monde s'en fout
4%
13 Block 11 millions 2017 Vide
4%
Alkpote 11 millions 2017 Plus haut (ft. Vald)
3%
Kofs 15 millions 2017 Cette année-là
1%
Alpha Wann 10 millions 2011 Dans ta ressoi (avec Nekfeu)
1%
Aucun quiz correspondant
Distribution des résultats
% des personnes avec chaque résultat
Percentile par nombre de réponses
Votre historique - résultats
Vous n’avez pas pris ce quiz depuis la dernière actualisation